000 01054nam a22002657a 4500
005 20091030112645.0
008 091030t xxu||||| |||| 00| 0 eng d
010 _aENG-95267
020 _a978007671034
_c395.00
020 _a0070671036
_c395.00
035 _aEN-78800
040 _aDPL
082 _a658.3
100 _aKinicki, Angelo
245 _aOrganizational behavior :
_cby Angelo Kinicki [and] Robert Kreitner, .
_bkey concepts, skills and best practices/
250 _a3rd ed.
260 _aNew Delhi
_bTata McGraw Hill Education
_c2009
300 _axvii, 686 p. :
_bill. (some col.) ;
_c24 cm. (pbk)
500 _aIncludes index.
650 _aOrganizational behavior.
700 _aKinicki, Angelo.
942 _2ddc
_cEN
_mKIN
_h658.3
999 _c31189
_d31189